| 000 | 00491nam a22001337a 4500 | ||
|---|---|---|---|
| 005 | 20250407160405.0 | ||
| 008 | 250407b |||||||| |||| 00| 0 eng d | ||
| 040 | _absop | ||
| 245 |
_aChristianity Today / _cGeorge K. Brushaber, ed. |
||
| 260 |
_aCarol Stream, IL. : _bChristianity Today, Inc. ; _cc1991. |
||
| 300 |
_amulti volume : _c28cm. |
||
| 500 | _aVol. 35 Nos. 1-15 January, February, March, April, May, June, July, August, September, October, November, December 1991 | ||
| 942 |
_2lcc _cCR |
||
| 999 |
_c53643 _d53643 |
||